1275 1591 1399 1139 1874 1230 1286 1504 1404 1336 1425 1805 1842 1199 1791 1682 1549 1691 1678 1809 1502 1966 1848 1152 1070 1354 1622 1400 1022 1137 1561 1880 1091 1058 1401 1320 1906 1692 1755 1006 1333 1320 1520 1419 1321 1356 1374 1992 1806 1234 1918 1109 1840 1577 1646 1418 1945 1934 1460 1007 1909 1662 1598 1749 1705 1610 1538 1445 1520 1971 1607 1144 1128 1015 1431 1368 1386 1623 1685 1387 1355 1010 1716 1270 1479 1401 1630 1637 1623 1346 1676 1393 1744 1045 1387 1818 1430 1635 1285 BCNSPRNW ULIB Ver.6.0+V

เปลี่ยนเป็นภาษาไทย

Change to English
 แสดงรายละเอียดบรรณานุกรม
  กลับหน้าหลัก

Brief Record : Get Marc (ISO 2709) : E-mail record : QR code < ปิดหน้าต่าง
LEADER : 00000nam 2200000uu 4500
001    13399110535
003     ULIB
008    110602s2552||||th 000 0 tha d
020    9789741110735
060 04 WQ100^bค125ส 2552
245 00 สูตินรีเวชทันยุค =^bOB-GYN in practice 2009 /^cบรรณาธิการ,มงคล เบญจาภิบาล ... [และคนอื่นๆ]
246 31 OB-GYN in practice 2009
250    พิมพ์ครั้งที่ 1
260    กรุงเทพฯ :^bภาควิชาสูติศาสตร์-นรีเวชวิทยาคณะแพทยศาสตร์ศิริราชพยาบาล มหาวิทยาลัยมหิดล,^c2552
300    xviii, 396 หน้า :^bภาพประกอบ ;^c26 ซม.
650  7 นรีเวชวิทยา
650  7 สูติศาสตร์
653    ผลงานอาจารย์คณะแพทยศาสตร์ศิริราชพยาบาล
700 0  มงคล เบญจาภิบาล,^eบรรณาธิการ
710    มหาวิทยาลัยมหิดล. ^bคณะแพทยศาสตร์ศิริราชพยาบาล.^bภาควิชาสูติศาสตร์-นรีเวชวิทยา
945    ^p320^l0^i025923
945    ^p320^l0^i025922
945    ^p320^l0^i025493
945    ^p320^l0^i025491
945    ^p320^l0^i025490
945    ^p320^l0^i025489
945    ^p320^l0^i025488
945    ^p320^l0^i025492
995    ทศพร
999 ^a ใช้งานได้ทุกระบบ
รายการนี้ยังไม่มีแท็ก
คุณยังไม่ได้ล็อกอิน คุณสามารถมีกิจกรรมร่วมกับเว็บไซต์ได้ แต่ต้องล็อกอินก่อน ::
  ล็อกอิน

รายการสื่อสารสนเทศ

ลำดับที่ ประเภท เลขเรียก/บาร์โค้ด สถานที่ สถานะ
- ไม่พบข้อมูล -

รายการใกล้เคียง
    หัวเรื่อง [นรีเวชวิทยา]
    หัวเรื่อง [สูติศาสตร์]

BibComment


ยังไม่เคยถูกคอมเมนท์

คอมเมนท์ทรัพยากรรายการนี้
  คอมเมนท์: สูตินรีเวชทันยุค ..


 Copyright 2026. Bcnsprnw @Library